The Success Manual for General Chemistry /

Gorde:
Xehetasun bibliografikoak
Egile nagusia: Kean, Elizabeth
Beste egile batzuk: Middlecamp, Catherine
Formatua: Sách giấy
Hizkuntza:English
Argitaratua: New York : Random House, 1986
Etiketak: Etiketa erantsi
Etiketarik gabe, Izan zaitez lehena erregistro honi etiketa jartzen!
Thư viện lưu trữ: Thư viện Trường Đại học Đà Lạt
LEADER 00630nam a2200253 4500
001 DLU020000724
005 ##12/30/1998
020 # # |a 0-394-35473-3 
041 # # |a eng 
082 # # |a 540.1  |b KE-E 
100 # # |a Kean, Elizabeth 
245 # # |a The Success Manual for General Chemistry /  |c Elizabeth Kean, Catherine Middlecamp 
260 # # |a New York :  |b Random House,  |c 1986 
300 # # |a X, 275 tr.;  |c 25 cm. 
700 # # |a Middlecamp, Catherine 
992 # # |a 7000 
994 # # |a DLU 
900 # # |a False 
911 # # |a Administrator 
925 # # |a G 
926 # # |a A 
927 # # |a SH 
980 # # |a Thư viện Trường Đại học Đà Lạt